000 00610nam a2200229 a 4500
001 BRCA_5976
005 20190320205301.0
008 280311s2005----sp-#######---#000-0#spa-#
020 _a8425215439
041 _aspa
044 _asp
050 4 _aNC703
_b.A78 2005
245 1 0 _aArte ¿? Diseño
_cAnna Calvera, ed.
260 _aBarcelona
_bGustavo Gili
_c2005
300 _a247 p.
_bil.
_c24 cm.
440 0 _aColección GG Diseño
_915090
504 _aIncluye referencias bibliográficas
650 1 4 _aDiseño
_92672
650 1 4 _aArte
_915091
700 1 _aCalvera, Anna
_eed.
_915092
942 _2lcc
_cB
999 _c5665
_d5665